000
00340 a2200157 4500
001
57106
020
_a
8508097611
040
_c
Anchieta - Pituba
100
_a
Le Jeune, Véronique
240
1
0
_a
Eu não sou assim!
_l
por
245
1
0
_a
Eu não sou assim!
300
_a
99
362
0
_a
2005
650
4
_a
Literatura juvenil
942
_c
BK
999
_c
57106
_d
57106